Los diputados por Cataluña en las Cortes de Cadiz (Registro nro. 123615)

Detalles MARC
000 -LEADER
campo de control de longitud fija 00841nam a2200193 i 4500
001 - NÚMERO DE CONTROL
campo de control 123615
003 - IDENTIFICADOR DE NÚMERO DE CONTROL
campo de control ES-MaACL
005 - FECHA Y HORA DE LA ÚLTIMA TRANSACCIÓN
campo de control 20250907063105.0
007 - CAMPO FIJO DE DESCRIPCIÓN FÍSICA--INFORMACIÓN GENERAL
campo de control de longitud fija t|
008 - DATOS DE LONGITUD FIJA--INFORMACIÓN GENERAL
campo de control de longitud fija 070214s1912 sp r ||||1| spa d
100 1# - ENTRADA PRINCIPAL--NOMBRE DE PERSONA
Nombre de persona Rahola y Trémols, Federico,
Fechas asociadas al nombre 1858-1919
9 (RLIN) 95016
245 14 - MENCIÓN DEL TÍTULO
Título Los diputados por Cataluña en las Cortes de Cadiz
Resto del título : memoria leída en la Real Academia de Buenas Letras de Barcelona, el día 23 de diciembre de 1911 /
Mención de responsabilidad, etc. por el académico de número Federico Rahola y Trèmols.
260 ## - PUBLICACIÓN, DISTRIBUCIÓN, ETC.
Lugar de publicación, distribución, etc. Barcelona :
Nombre del editor, distribuidor, etc. [s. n.],
Fecha de publicación, distribución, etc. 1912 (
Fabricante Imprenta de la Casa Provincial de Caridad)
300 ## - DESCRIPCIÓN FÍSICA
Extensión 62 p. ;
Dimensiones 29 cm.
610 14 - PUNTO DE ACCESO ADICIONAL DE MATERIA--NOMBRE DE ENTIDAD CORPORATIVA
Nombre de entidad corporativa o nombre de jurisdicción como elemento de entrada España.
Unidad subordinada Cortes de Cádiz
9 (RLIN) 3663
710 2# - ENTRADA AGREGADA--NOMBRE DE ENTIDAD CORPORATIVA
Nombre de entidad corporativa o nombre de jurisdicción como elemento de entrada Reial Acadèmia de Bones Lletres de Barcelona.
9 (RLIN) 176228
852 ## - LOCALIZACIÓN
Ubicación ES-MaACL
Número de control de estantería T-1322-F-8
Nota libre .- Ded. manuscrita del autor
Existencias
Estatus retirado Estado de pérdida Estado de daño No para préstamo Colección Biblioteca de origen Biblioteca actual Ubicación en estantería Fecha de adquisición Fuente de adquisición Total de préstamos Signatura topográfica completa Código de barras Visto por última vez Precio de reemplazo Tipo de ítem Koha
        Colección de folletos Biblioteca del Ateneo de Madrid Biblioteca del Ateneo de Madrid Depósito folletos 17/01/2008     T-1322-F-8 1128791 23/02/2023 23/02/2023 Folleto